Famous Peters - Statistics

General Stats
  • This quiz has been taken 44 times
  • The average score is 11 of 25
Answer Stats
Hint Answer % Correct
French physicist who, along with his wife, won the 1903 Nobel Prize in Physics for their research into radioactivity Pierre Curie
83%
Director of the Lord of the Rings and the Hobbit movies Peter Jackson
78%
Actor best remembered for his starring role in Lawrence of Arabia Peter O'Toole
73%
Comic actor who starred as Inspector Clouseau in the original Pink Panther films Peter Sellers
73%
Former lead vocalist of Genesis Peter Gabriel
68%
American tennis player who won seven Wimbledon titles in the 1990s and early 2000s Pete Sampras
68%
Drummer who was replaced by Ringo Starr in the Beatles Pete Best
63%
English musician who is the lyricist and guitarist of The Who Pete Townshend
63%
Diminutive actor known for playing Tyrion Lannister in Game of Thrones Peter Dinklage
56%
"Just one more thing" was this actor's catchphrase in his starring role in Columbo Peter Falk
56%
Scottish actor who starred as Malcolm Tucker in The Thick of It and the 12th Doctor in Doctor Who Peter Capaldi
46%
Actor who starred as Wyatt in Easy Rider Peter Fonda
44%
This comedian has famously dated Ariana Grande, Kate Beckinsale, Margaret Qualley and Kim Kardashian Pete Davidson
41%
Former mayor of South Bend, Indiana who served as Transportation Secretary under President Joe Biden Pete Buttigieg
34%
Former professional footballer known for his notable height (6 feet and 7 inches) who played as striker for the England team between 2005 and 2010 Peter Crouch
34%
Serial killer known as the Yorkshire Ripper Peter Sutcliffe
32%
American countercultural folk singer who found fame as part of the band 'The Weavers' Pete Seeger
29%
Northern English stand-up comedian who starred in the cult sitcom Phoenix Nights Peter Kay
27%
English actor who starred as Baron Frankenstein in Hammer's Frankenstein movies, and as Grand Moff Tarkin in Star Wars Episode IV: A New Hope Peter Cushing
24%
English character actor who featured as Mr. Kobayashi in The Usual Suspects Peter Postlethwaite
17%
English actor who was the voice of Wallace in Wallace & Gromit Peter Sallis
17%
German-American venture capitalist who co-founded PayPal and Palantir Technologies Peter Thiel
15%
Prominent British LGBT+ activist who co-founded the gay rights group OutRage and attempted two citizens' arrests on Robert Mugabe Peter Tatchell
12%
Political commentator on Fox News who was appointed as Secretary of Defense at the beginning of Donald Trump's second administration Pete Hegseth
10%
Astronaut who was the third person to walk on the moon Pete Conrad
7%
No matching quizzes found
Score Distribution
Percent of People with Each Score
Percentile by Number Answered
Your Score History
You have not taken this quiz